000 00288nam a2200109Ia 4500
008 220216s9999 xx 000 0 und d
245 0 _aRanking of worlds rubber powers : The changing equations
260 _bRubber Asia
_c2005
300 _a85-88
650 _aRubber industry
942 _cJS
999 _c66314
_d66314